Una última visión del paraíso. Ensayos sobre media, vanguardia y la destrucción de culturas en América Latina.

Shranjeno v:
Bibliografske podrobnosti
Glavni avtor: Subirats, Eduardo (autor)
Format: Knjiga
Jezik:španščina
Izdano: México, D.F., México Fondo de Cultura Económica, 2004.
Izdaja:Primera edición.
Serija:Sección de Obras de Filosofía.
Teme:
Oznake: Označite
Brez oznak, prvi označite!

MARC

LEADER 00000nam a22000007a 4500
003 CL-VaPUC
005 20250321101935.0
008 250127t2004 ||||| |||| 00| 0 spa d
999 |c 446839  |d 446837 
020 |a 968-16-7197-X 
040 |c Pontificia Universidad Católica de Valparaíso 
082 |2 22  |a 303.482 SUB 2004 
100 |9 326194  |a Subirats, Eduardo  |e autor 
245 |a Una última visión del paraíso.  |b Ensayos sobre media, vanguardia y la destrucción de culturas en América Latina. 
250 |a Primera edición. 
260 |a México, D.F., México  |b Fondo de Cultura Económica,  |c 2004. 
300 |a 199 páginas:  |b ilustraciones. 
490 |a Sección de Obras de Filosofía. 
500 |a c.1-3: Instituto Arcos. 08-01-2025 
583 |c 20250127  |k Yessy Sthefany Diaz Vidal 
650 0 |9 530870  |a Cultura y globalización   |x Arte, arquitectura, etc.  |z América Latina 
942 |2 ddc  |c BK  |n 0 
952 |0 0  |1 0  |2 ddc  |4 0  |6 303_482000000000000_SUB_2004  |7 0  |8 A  |9 599996  |a BIBINC  |b BIBINC  |d 2025-01-27  |e Instituto Arcos  |i 5664878  |o 303.482 SUB 2004  |p 5664878  |r 2025-01-27  |t 1  |w 2025-01-27  |y BK  |k IFP 
952 |0 0  |1 0  |2 ddc  |4 0  |6 303_482000000000000_SUB_2004  |7 0  |8 A  |9 599999  |a BIBINC  |b BIBINC  |d 2025-01-27  |e Instituto Arcos  |i 5664879  |o 303.482 SUB 2004  |p 5664879  |r 2025-01-27  |t 2  |w 2025-01-27  |y BK  |k IFP 
952 |0 0  |1 0  |2 ddc  |4 0  |6 303_482000000000000_SUB_2004  |7 0  |8 A  |9 600002  |a BIBINC  |b BIBINC  |d 2025-01-27  |e Instituto Arcos  |i 5664880  |o 303.482 SUB 2004  |p 5664880  |r 2025-01-27  |t 3  |w 2025-01-27  |y BK  |k IFP